000
00324nam a22001457a 4500
020
_a
978-019-8-44-855-6
082
_a
823
_b
BLA/O
100
_a
BLAKE, JOHN
245
_a
ONE GIRL SCHOOL
260
_a
UK
_b
OXFORD UNIVERSITY PRESS
_c
2014
300
_a
110
520
_a
ENGLISH NOVEL
650
_a
ENGLISH NOVEL
942
_c
BK
999
_c
5713
_d
5713